Представление документа в формате RUSMARC

ПолеНазваниеЗначение
  Тип записи a
  Библиографический уровень a
001 Контрольный номер RU/CBS_UL/BASE/39cc839f244c4e688731e3ac50ec0ed1
005 Дата корректировки 20260318003226.8
100 Данные общей обработки __
a Данные общей обработки 20260318 ||| 0rusy0189 ca
101 Язык документа 0_
a Язык текста rus
102 Страна публикации __
a Страна публикации RU
200 Заглавие и сведения об ответственности 1_
a Заглавие Портрет на фоне акварели
e Сведения, относящиеся к заглавию [о фотохудожнике Е. Софроновой и её героях]
f Первые сведения об ответственности Е. Софронова
g Последующие сведения об ответственности фот. Е. Софронова
300 Общие примечания __
a Общие примечания 16+
461 Уровень набора _0
1 2000
a Родина
463 Уровень физической единицы _0
1 2000
a № 5
v С. 69-73 : фот., ил.
1 2101
d 2021
1 001RU/CBS_UL/BASE/695229592
600 Персоналии _1
a Персоналии (Фамилия) Софронова
b Персоналии (Имя, инициалы) Е.В.
600 Персоналии _1
a Персоналии (Фамилия) Чуйков
b Персоналии (Имя, инициалы) И.С.
600 Персоналии _1
a Персоналии (Фамилия) Чижиков
b Персоналии (Имя, инициалы) В.А.
600 Персоналии _1
a Персоналии (Фамилия) Жутовский
b Персоналии (Имя, инициалы) Б.И.
600 Персоналии _1
a Персоналии (Фамилия) Конышева
b Персоналии (Имя, инициалы) Н.И.
600 Персоналии _1
a Персоналии (Фамилия) Глазунов
b Персоналии (Имя, инициалы) И.И.
600 Персоналии _1
a Персоналии (Фамилия) Инфанте
b Персоналии (Имя, инициалы) Ф.
600 Персоналии _1
a Персоналии (Фамилия) Чуйков
b Персоналии (Имя, инициалы) И.С.
600 Персоналии _1
a Персоналии (Фамилия) Бородин
b Персоналии (Имя, инициалы) А.В.
600 Персоналии _1
a Персоналии (Фамилия) Ларский
b Персоналии (Имя, инициалы) Н.П.
600 Персоналии _1
a Персоналии (Фамилия) Горбатов
b Персоналии (Имя, инициалы) В.А.
600 Персоналии _1
a Персоналии (Фамилия) Церетели
b Персоналии (Имя, инициалы) З.К.
600 Персоналии _1
a Персоналии (Фамилия) Комелин
b Персоналии (Имя, инициалы) А.Ф.
600 Персоналии _1
a Персоналии (Фамилия) Титов
b Персоналии (Имя, инициалы) В.А.
606 Тематические рубрики 0_
a Основная рубрика Художественная фотография
610 Ключевые слова 0_
a Ключевые слова художники, портреты художников, визуальная история, повседневная жизнь, фотохудожники, тайны творчества, интеллектуальная история
686 Индексы других классификаций __
2 Код системы rubbk
a Классификационный индекс 85.16
700 Автор _1
a Фамилия Софронова
b Имя (инициалы) Е.
801 Источник записи _0
a Страна RU
b Организация МБУК ЦБС г. Ульяновска
c Дата составления 20260318
g Правила каталогизации RCR
801 Источник записи _1
a Страна RU
b Организация МБУК ЦБС г. Ульяновска
c Дата составления 20260318
g Правила каталогизации RCR
901 Тип документа __
t Тип документа b
w Контрольный № источника RU/CBS_UL/BASE/695229592
909 Создатель записи __
a Создатель записи lib1